000 00482nam a22001817a 4500
005 20141110112241.0
010 _aENG-111131
020 _c295.00
_a9789383074891
035 _aEN-94663
037 _bDBAD/PUB
082 _aN
100 _aKire, Easterine
245 _aWhen the river sleeps /
_cby Easterine Kire
260 _aNew Delhi
_bZubaan
_c2014
270 _bNew Delhi
_e110049
_a128 B Shahpur Jat, 1st Floor
300 _a244p.
_c22cm(pbk)
942 _2ddc
_cEN
_mKIR
_hN
999 _c89818
_d89818